| 000 | 00372nam a2200157Ia 4500 | ||
|---|---|---|---|
| 003 | Ost | ||
| 005 | 20260225132558.0 | ||
| 008 | 260225s9999||||xx |||||||||||||| ||und|| | ||
| 040 | _cfsic | ||
| 041 | _afre | ||
| 082 | _a302.23 | ||
| 100 |
_aAbdelkader yefsah _eAuteur |
||
| 245 | 0 | _aLa question du pouvoir en algerie / | |
| 245 | 0 | _cAbdelkader yefsah | |
| 942 | _cكتاب | ||
| 999 |
_c34613 _d34613 |
||